Statistics for WWE Superstars With The Most Fans On Facebook

Click here to take the quiz!

General Stats

  • This quiz has been taken 2,030 times
  • The average score is 13 of 30

Answer Stats

RankFansSuperstar% Correct
113,897,720John Cena
97%
27,515,697The Rock
82%
55,252,176Triple H
82%
45,472,357The Undertaker
79%
62,542,262Randy Orton
76%
101,814,667Kane
69%
121,506,176CM Punk
62%
91,921,819Stone Cold (Steve Austin)
61%
72,336,771Shawn Michaels
60%
131,357,287The Big Show
56%
141,178,178John Morrison
55%
82,322,786Edge
54%
16770,667The Miz
54%
36,626,352Rey Mysterio
52%
19564,155Chris Jericho
51%
27217,220Daniel Bryan
47%
15923,177Sheamus
44%
18579,586Kofi Kingston
32%
25282,402Alberto Del Rio
29%
21422,463Christian
28%
29198,249Jerry Lawler
27%
23365,716Mark Henry
26%
22378,892Zack Ryder
25%
30180,104Cody Rhodes
19%
20471,930R-Truth
18%
24359,977Santino Marella
12%
111,563,561Sin Cara
11%
17642,100The Great Khali
9%
26233,206Eve Torres
5%
28200,201Natalya
4%

Score Distribution

Percentile by Number Answered

Percent of People with Each Score

Your Score History

You have not taken this quiz